000 01081pam a2200361 a 4500
001 3383826
003 OSt
005 20140310182835.0
008 880817s1989 caua b 001 0 eng
010 _a 88028126
020 _a9814096237
040 _aDLC
_cDLC
_dDLC
050 0 0 _aQR 41.2
_b.T712 2001
082 0 0 _aM 579
_217th ed.
_bT63 2001
100 1 _aTortora, Gerard J.
245 1 0 _aMicrobiology :
_ban introduction /
_cTortora, Gerard J.; Funke, Berdell R.; Case, Christine L.
250 _a7th ed.
260 _aSingapore :
_bPearson Education Asia Pte Ltd.,
_cc2001.
300 _axxiv, 887 p.
_bill. ;
_c27 cm.
440 0 _aBenjamin/Cummings series in the life sciences
504 _aIncludes bibliographies and index.
521 _aCollege Students
526 _c1210L-1700L
541 _j1
541 _j2
541 _j3
562 _e3
650 0 _aMicrobiology.
700 1 _aFunke, Berdell R.
700 1 _aCase, Christine L.,
_d1948-
906 _a7
_bcbc
_corignew
_d1
_eocip
_f19
_gy-gencatlg
942 _2lcc
_cBK
_kM
999 _c16733
_d16733